10 Most Populous Cities in Montana - Statistics

General Stats
  • This quiz has been taken 27 times
  • The average score is 8 of 10
Answer Stats
Population City % Correct
122,077 Billings
100%
60,414 Great Falls
100%
78,876 Missoula
96%
58,459 Bozeman
92%
35,204 Helena
92%
36,077 Butte
88%
31,540 Kalispell
72%
9,757 Anaconda
60%
13,115 Belgrade
44%
9,599 Whitefish
36%
No matching quizzes found
Score Distribution
Percent of People with Each Score
Percentile by Number Answered
Your Score History
You have not taken this quiz